Application of headspace solid phase microextraction coupled with gas chromatography-mass spectrometry for determination of organophosphorus pesticide residues in vegetables and fruits /
محفوظ في:
| المؤلف الرئيسي: | |
|---|---|
| التنسيق: | أطروحة كتاب |
| اللغة: | English |
| منشور في: |
2008.
|
| الموضوعات: | |
| الوسوم: |
إضافة وسم
لا توجد وسوم, كن أول من يضع وسما على هذه التسجيلة!
|
| LEADER | 01430cam a2200289 a 4500 | ||
|---|---|---|---|
| 001 | u764705 | ||
| 003 | SIRSI | ||
| 005 | 200901300945 | ||
| 008 | 090130s2008 my a t 000 0 eng m | ||
| 040 | |a UMM | ||
| 090 | |a QD3 |b UM 2008 Sir | ||
| 100 | 1 | |a Sirhan, Ala'Yahya. | |
| 245 | 1 | 0 | |a Application of headspace solid phase microextraction coupled with gas chromatography-mass spectrometry for determination of organophosphorus pesticide residues in vegetables and fruits / |c Ala'Yahya Sirhan. |
| 246 | 3 | |a Application of headspace solid phase microextraction coupled with GCMS for determination of organophosphorus pesticide residues in vegetables and fruits. | |
| 260 | |c 2008. | ||
| 300 | |a vii, 30 leaves : |b ill ; |c 30 cm. | ||
| 500 | |a Cover title: Application of headspace solid phase microextraction coupled with GCMS for determination of organophosphorus pesticide residues in vegetables and fruits. | ||
| 502 | |a Dissertation (M.Sc.) -- Jabatan Kimia, Fakulti Sains, Universiti Malaya, 2008. | ||
| 504 | |a Bibliography: leaves 28-30. | ||
| 650 | 0 | |a Chromatographic analysis. | |
| 650 | 0 | |a Pesticides |x Environmental aspects. | |
| 650 | 0 | |a Organophosphorus compounds |x Toxicology. | |
| 650 | 0 | |a Solid-phase synthesis. | |
| 710 | 2 | |a Universiti Malaya. |b Jabatan Kimia. | |
| 900 | |a ZSA-ZA | ||
| 596 | |a 1 | ||
| 999 | |a QD3 UM 2008 SIR |w LC |c 1 |i A513451206 |d 11/1/2011 |e 11/1/2011 |f 2/11/2009 |g 1 |l STACKS |m P01UTAMA |n 1 |r Y |s Y |t TESIS |u 2/11/2009 | ||
